Fundamentals of organizational behaviour. (Record no. 697)
[ view plain ]
| 000 -LEADER | |
|---|---|
| fixed length control field | 01384nam a2200385 a 4500 |
| 003 - CONTROL NUMBER IDENTIFIER | |
| control field | UkOxU |
| 005 - DATE AND TIME OF LATEST TRANSACTION | |
| control field | 20210616111239.0 |
| 008 - FIXED-LENGTH DATA ELEMENTS--GENERAL INFORMATION | |
| fixed length control field | 100121s2011 onca b 001 0deng |
| 020 ## - INTERNATIONAL STANDARD BOOK NUMBER | |
| International Standard Book Number | 9780137128518 (pbk.) |
| 020 ## - INTERNATIONAL STANDARD BOOK NUMBER | |
| Canceled/invalid ISBN | 9780138003395 (student access code card) |
| 040 ## - CATALOGING SOURCE | |
| Transcribing agency | NLC |
| 042 ## - AUTHENTICATION CODE | |
| Authentication code | ukblsr |
| 050 #4 - LIBRARY OF CONGRESS CALL NUMBER | |
| Classification number | HD58.7 |
| Item number | L36 2011 |
| 055 #0 - CLASSIFICATION NUMBERS ASSIGNED IN CANADA | |
| Classification number | HD58.7 |
| Item number | L34 2011 |
| 055 00 - CLASSIFICATION NUMBERS ASSIGNED IN CANADA | |
| Classification number | HD58 .7 |
| Item number | L34 2010 fol. |
| 100 1# - MAIN ENTRY--PERSONAL NAME | |
| Personal name | Langton, Nancy. |
| 245 10 - TITLE STATEMENT | |
| Title | Fundamentals of organizational behaviour. |
| 250 ## - EDITION STATEMENT | |
| Edition statement | 4th Canadian ed. / |
| Remainder of edition statement | Nancy Langton, Stephen P. Robbins, Timothy A. Judge. |
| 260 ## - PUBLICATION, DISTRIBUTION, ETC. | |
| Place of publication, distribution, etc. | Toronto : |
| Name of publisher, distributor, etc. | Pearson Canada, |
| Date of publication, distribution, etc. | c2011. |
| 300 ## - PHYSICAL DESCRIPTION | |
| Extent | xxiii, 433 p. : |
| Other physical details | ill. (some col.) ; |
| Dimensions | 28 cm + |
| Accompanying material | 1 student access code card. |
| 500 ## - GENERAL NOTE | |
| General note | Includes student access code card in envelope. |
| 500 ## - GENERAL NOTE | |
| General note | Prev. ed.: (i.e. 3rd Canadian ed.) / Nancy Langton and Stephen P. Robbins. 2007. |
| 504 ## - BIBLIOGRAPHY, ETC. NOTE | |
| Bibliography, etc. note | Includes bibliographical references and indexes. |
| 650 #0 - SUBJECT ADDED ENTRY--TOPICAL TERM | |
| Topical term or geographic name entry element | Organizational behavior |
| Form subdivision | Textbooks. |
| 650 #6 - SUBJECT ADDED ENTRY--TOPICAL TERM | |
| Topical term or geographic name entry element | Comportement organisationnel |
| Form subdivision | Manuels d'enseignement supérieur. |
| 700 1# - ADDED ENTRY--PERSONAL NAME | |
| Personal name | Robbins, Stephen P., |
| Dates associated with a name | 1943- |
| 700 1# - ADDED ENTRY--PERSONAL NAME | |
| Personal name | Judge, Tim. |
| 942 ## - ADDED ENTRY ELEMENTS (KOHA) | |
| Source of classification or shelving scheme | |
| Koha item type | Book |
| Suppress in OPAC | SO |
| Withdrawn status | Lost status | Source of classification or shelving scheme | Damaged status | Not for loan | Permanent Location | Current Location | Shelving location | Date acquired | Total Checkouts | Full call number | Barcode | Date last seen | Price effective from | Koha item type | Public note |
|---|---|---|---|---|---|---|---|---|---|---|---|---|---|---|---|
| AU LIBRARY | AU LIBRARY | Open Shelf | 16.06.2021 | HD58.7 L36 2011 | 28000159 | 16.06.2021 | 16.06.2021 | Book | SO |